[Event "USA (ch)"]
[Site "?"]
[Date "1993.??.??"]
[Round "?"]
[White "Kaidanov, G."]
[Black "Kamsky, G."]
[Result "1-0"]
[WhiteElo "2640"]
[BlackElo "2645"]
[PlyCount "169"]
[EventDate "1993.??.??"]
[Source "ChessBase"]
[SourceDate "1993.10.01"]

1. d4 Nf6 2. c4 g6 3. Nc3 Bg7 4. e4 d6 5. Be2 O-O 6. Bg5 c5 7. d5 e6 8. Qd2 exd5 9. exd5 Re8 10. Nf3 Bg4 11. O-O Nbd7 12. h3 Bxf3 13. Bxf3 a6 14. a4 Qc7 15. a5 h5 16. Qc2 Nh7 17. Bd2 h4 18. Be2 Bd4 19. Kh2 Rab8 20. Ra3 Qd8 21. Bd1 Bg7 22. Kh1 Qe7 23. f4 f5 24. Bf3 Qf6 25. Raa1 Nhf8 26. Rae1 Qd4 27. b3 Kh8 28. Ne2 Qb2 29. Qxb2 Bxb2 30. Ng1 Kg7 31. Rxe8 Rxe8 32. Re1 Rb8 33. Bd1 Nf6 34. Bc2 Nh5 35. Nf3 Bf6 36. Kg1 Rc8 37. Bd3 Kf7 38. Kf2 Re8 39. Rxe8 Kxe8 40. Ke3 Nd7 41. Be1 Ng3 42. Nxh4 Bxh4 43. Kf3 Ne4 44. Bxh4 Nd2+ 45. Ke3 Nxb3 46. Be1 b6 47. Bc2 Nd4 48. Bd1 bxa5 49. Bxa5 Nf6 50. Bc3 Ne4 51. Bb2 Ke7 52. g4 a5 53. Ba1 Kf7 54. Bb2 Ke7 55. g5 Kf7 56. Ba4 Ke7 57. Ba1 Kf7 58. Bd1 Ke7 59. Bb2 Kf7 60. h4 Kf8 61. Ba1 Kg8 62. Bxd4 cxd4+ 63. Kxd4 Kg7 64. Bc2 Nc5 65. Kc3 Kf7 66. Bd3 Kf8 67. Be2 Kg7 68. h5 gxh5 69. Bxh5 Ne4+ 70. Kc2 a4 71. Be2 Kg6 72. Kb2 Nc5 73. Ka3 Kf7 74. Bd1 Nd3 75. Bc2 Nxf4 76. Bxf5 Ng2 77. Kxa4 Ne3 78. Bd3 Ng4 79. Kb5 Ne5 80. Be4 Nd7 81. Bf5 Ne5 82. c5 dxc5 83. Kxc5 Nf3 84. g6+ Kf6 85. d6 1-0

[Event "IX Camp. europeo"]
[Site "Plovdiv BUL"]
[Date "2008.04.22"]
[Round "2"]
[White "Volkov, Sergey1"]
[Black "Nevednichy, V."]
[Result "1-0"]
[WhiteElo "2633"]
[BlackElo "2558"]
[PlyCount "85"]
[EventDate "2008.04.21"]
[Source "www.chesslib.no"]
[SourceDate "2004.05.04"]

1. d4 g6 2. c4 Bg7 3. e4 d6 4. Nc3 Nf6 5. Be2 O-O 6. Nf3 c5 7. d5 e6 8. Bg5 h6 9. Bh4 Re8 10. Nd2 a6 11. a4 b6 12. O-O e5 13. a5 Nbd7 14. Qa4 Rb8 15. Rfb1 g5 16. Bg3 h5 17. f3 bxa5 18. Qxa5 Qe7 19. Nf1 Nf8 20. b4 Rxb4 21. Rxb4 cxb4 22. Qxb4 Ng6 23. c5 dxc5 24. Qb6 g4 25. fxg4 Nxg4 26. h3 Nf6 27. Bxa6 Bxa6 28. Rxa6 Nh7 29. d6 Qg5 30. h4 Nxh4 31. Bxh4 Qxh4 32. Nd5 Nf8 33. Ne7+ Kh7 34. Qb7 Ne6 35. Nf5 Qf6 36. N1e3 Bh6 37. Nd5 Qg6 38. Qe7 Rb8 39. d7 Bf8 40. Rxe6 Qxe6 41. d8=Q Rb1+ 42. Kh2 Bxe7 43. Ndxe7 1-0

[Event "JUG-chT"]
[Site "Herceg Novi"]
[Date "2001.05.??"]
[Round "2"]
[White "Aleksandrov, Aleksej"]
[Black "Damljanovic, Branko"]
[Result "1-0"]
[WhiteElo "2610"]
[BlackElo "2561"]
[PlyCount "71"]
[EventDate "2001.05.??"]
[Source "ChessBase"]
[SourceDate "2001.07.03"]

1. d4 Nf6 2. c4 g6 3. Nc3 Bg7 4. e4 d6 5. Be2 O-O 6. Bg5 c5 7. d5 e6 8. Qd2 exd5 9. exd5 Re8 10. Nf3 Bg4 11. O-O Nbd7 12. h3 Bxf3 13. Bxf3 a6 14. a4 Qb6 15. Qc2 h5 16. Rae1 Nh7 17. Bd2 h4 18. Bd1 Ndf8 19. b3 Be5 20. f4 Bd4+ 21. Kh2 f5 22. Ne2 Bf6 23. Ng1 Qc7 24. Nf3 Qg7 25. a5 Rac8 26. Rxe8 Rxe8 27. Re1 Rxe1 28. Bxe1 Qh6 29. Qd2 Nd7 30. Qe3 Nhf8 31. Bd2 Kf7 32. b4 cxb4 33. Bxb4 Ne5 34. Ng5+ Bxg5 35. fxg5 Nxc4 36. Qe6+ 1-0

[Event "Lexington"]
[Site "Lexington, KY USA"]
[Date "1995.??.??"]
[Round "?"]
[White "Kaidanov, Gregory S"]
[Black "Fedorowicz, John P"]
[Result "1-0"]
[WhiteElo "2605"]
[BlackElo "2545"]
[PlyCount "85"]
[EventDate "1995.??.??"]
[Source "www.chesslib.no"]
[SourceDate "2004.05.04"]

1. d4 Nf6 2. c4 g6 3. Nc3 Bg7 4. e4 d6 5. Be2 O-O 6. Bg5 c5 7. d5 e6 8. Qd2 exd5 9. exd5 a6 10. a4 Re8 11. Nf3 Bg4 12. O-O Nbd7 13. h3 Bxf3 14. Bxf3 Qe7 15. Rfe1 Qf8 16. Rxe8 Rxe8 17. Re1 h6 18. Rxe8 Nxe8 19. Be3 f5 20. Be2 Ne5 21. f4 Nf7 22. a5 Qe7 23. Bd1 Nf6 24. Bc2 h5 25. Bf2 Qd8 26. Na4 Nd7 27. Qe1 Bd4 28. Bxd4 cxd4 29. b4 h4 30. c5 Nf6 31. Qxh4 Kg7 32. Qf2 dxc5 33. Nxc5 Qxd5 34. Bb3 Qd6 35. Ne6+ Kh6 36. Qxd4 Qe7 37. Qc5 Nd6 38. g4 Kh7 39. Qe5 Nc8 40. gxf5 Qxb4 41. fxg6+ Kxg6 42. Bc2+ Kf7 43. Nd8+ 1-0

[Event "European Club Cup 2002"]
[Site "?"]
[Date "2002.09.26"]
[Round "5.16"]
[White "Kozul Zdenko"]
[Black "Nataf Igor-Alexandre"]
[Result "1/2-1/2"]
[WhiteElo "2588"]
[BlackElo "2560"]
[PlyCount "106"]
[EventDate "2002.??.??"]
[Source "www.chesslib.no"]
[SourceDate "2004.05.04"]

1. d4 Nf6 2. c4 g6 3. Nc3 Bg7 4. e4 d6 5. Be2 O-O 6. Bg5 c5 7. d5 h6 8. Bd2 e6 9. Nf3 exd5 10. exd5 Bf5 11. Nh4 Bd7 12. O-O Na6 13. Nf3 Bf5 14. Ne1 Re8 15. f3 Nc7 16. a4 Na6 17. g4 Bc8 18. Qc1 h5 19. Bg5 Qd7 20. h3 Nh7 21. Bd3 Nb4 22. Bb1 Nxg5 23. Qxg5 Qe7 24. Qxe7 Rxe7 25. Ng2 hxg4 26. hxg4 Bd7 27. Kh2 Rae8 28. Kg3 a6 29. a5 Be5+ 30. f4 Bd4 31. f5 Kg7 32. Ra3 g5 33. Rh1 f6 34. Kf3 Rh8 35. Rxh8 Kxh8 36. Be4 Rh7 37. Ke2 Rh2 38. Kd2 Rh1 39. Nd1 Kg7 40. Rg3 Be5 41. Ra3 Kf7 42. Ne1 Rh2+ 43. Bg2 Rh4 44. Bh3 Bf4+ 45. Ke2 Rh8 46. Bg2 Re8+ 47. Ne3 Ba4 48. Kf2 Bxe3+ 49. Rxe3 Rxe3 50. Kxe3 Bb3 51. Bf1 Bd1 52. Be2 Bxe2 53. Kxe2 Ke7 1/2-1/2

[Event "Saint John (open II)"]
[Site "?"]
[Date "1988.??.??"]
[Round "?"]
[White "Yusupov, A."]
[Black "Zapata, A."]
[Result "1-0"]
[WhiteElo "2620"]
[BlackElo "2500"]
[PlyCount "91"]
[EventDate "1988.??.??"]
[Source "ChessBase"]
[SourceDate "1988.01.01"]

1. d4 Nf6 2. c4 c5 3. d5 d6 4. Nc3 g6 5. e4 Bg7 6. Be2 e6 7. Bg5 O-O 8. Qd2 exd5 9. exd5 a6 10. a4 Re8 11. Nf3 Bg4 12. O-O Nbd7 13. h3 Bxf3 14. Bxf3 Qe7 15. Rae1 Qf8 16. Bd1 h6 17. Bf4 Nh7 18. Bc2 Ne5 19. b3 f5 20. Bg3 Qf6 21. Ne2 Nf8 22. f4 Ned7 23. Bd3 Re7 24. Bf2 a5 25. Nc1 Rxe1 26. Rxe1 Qc3 27. Qd1 Nf6 28. Na2 Qb2 29. Re2 Qa3 30. Be3 Re8 31. Bc1 Rxe2 32. Bxa3 Rxa2 33. Qb1 Rxa3 34. Qb2 Nxd5 35. Qxa3 Nxf4 36. Bf1 Bd4+ 37. Kh1 Nh5 38. g4 Ng3+ 39. Kg2 Nxf1 40. Kxf1 fxg4 41. hxg4 h5 42. gxh5 gxh5 43. Qa2 Kf7 44. Qg2 Nd7 45. Qxb7 Ke7 46. Qe4+ 1-0

[Event "Sao Paulo zt"]
[Site "Sao Paulo"]
[Date "1995.??.??"]
[Round "8"]
[White "Sunye Neto, Jaime"]
[Black "Mecking, Henrique"]
[Result "1-0"]
[WhiteElo "2525"]
[BlackElo "2575"]
[PlyCount "99"]
[EventDate "1995.03.??"]
[Source "ChessBase"]

1. c4 Nf6 2. Nc3 g6 3. e4 d6 4. d4 Bg7 5. Be2 O-O 6. Bg5 c5 7. d5 e6 8. Nf3 exd5 9. exd5 h6 10. Bd2 Na6 11. O-O Nc7 12. a4 Na6 13. Qc1 Kh7 14. Bd3 Nb4 15. Bb1 Bg4 16. Ne1 Qd7 17. f3 Bf5 18. Bxf5 Qxf5 19. Bf4 Rad8 20. g4 Qc8 21. Qd2 Rfe8 22. a5 a6 23. Bg3 Qc7 24. Nd3 Nxd3 25. Qxd3 Nd7 26. Ne4 Ne5 27. Qc2 f5 28. gxf5 gxf5 29. Nd2 Qf7 30. Rae1 Kh8 31. Kh1 f4 32. Bh4 Bf6 33. Bxf6+ Qxf6 34. Ne4 Qe7 35. Qc3 Kh7 36. Rf2 Rd7 37. Rfe2 Qg7 38. Nxd6 Rxd6 39. Rxe5 Rxe5 40. Qxe5 Qxe5 41. Rxe5 Kg6 42. Re7 Kf6 43. Rxb7 Ke5 44. Kg2 Kd4 45. b3 Rd8 46. Rb6 Re8 47. Rxa6 Re2+ 48. Kh3 Ke3 49. Re6+ Kxf3 50. a6 1-0

[Event "Pleasantville"]
[Site "?"]
[Date "1993.??.??"]
[Round "?"]
[White "Kaidanov, G."]
[Black "Sherzer, A."]
[Result "1-0"]
[WhiteElo "2620"]
[BlackElo "2465"]
[PlyCount "55"]
[EventDate "1993.??.??"]
[Source "ChessBase"]
[SourceDate "1993.02.01"]

1. d4 Nf6 2. c4 g6 3. Nc3 Bg7 4. e4 d6 5. Be2 O-O 6. Bg5 c5 7. d5 e6 8. Qd2 exd5 9. exd5 Qb6 10. Nf3 Bf5 11. Nh4 Bg4 12. f3 Bc8 13. O-O-O Nbd7 14. Bh6 a6 15. g4 Ne8 16. Bxg7 Nxg7 17. Ng2 f5 18. h4 fxg4 19. fxg4 Ne5 20. h5 Rf2 21. hxg6 Nxc4 22. gxh7+ Kh8 23. Nh4 Nh5 24. Ng6+ Kxh7 25. Rxh5+ Kg8 26. Na4 Nxd2 27. Nxb6 Rxe2 28. Nxa8 1-0

[Event "JUG-ch playoff"]
[Site "Belgrade"]
[Date "1997.04.23"]
[Round "6"]
[White "Damljanovic, Branko"]
[Black "Popovic, Petar"]
[Result "0-1"]
[WhiteElo "2540"]
[BlackElo "2545"]
[PlyCount "78"]
[EventDate "1997.04.??"]
[Source "www.chesslib.no"]
[SourceDate "2004.05.04"]

1. d4 Nf6 2. c4 g6 3. Nc3 Bg7 4. e4 d6 5. Be2 O-O 6. Bg5 c5 7. d5 e6 8. Qd2 exd5 9. exd5 Re8 10. Nf3 Bg4 11. O-O Nbd7 12. h3 Bxf3 13. Bxf3 a6 14. a4 Qe7 15. Rae1 Qf8 16. a5 h5 17. Bd1 Rxe1 18. Rxe1 Re8 19. Rxe8 Qxe8 20. Bc2 Nh7 21. Be3 Qe7 22. Na4 Qh4 23. f4 Bh6 24. Nc3 f5 25. Nd1 Qe7 26. g3 Nhf6 27. Nf2 Bg7 28. Kg2 Kf7 29. b3 Nf8 30. Qe1 Qd7 31. Bd2 h4 32. gxh4 Nh5 33. Nd3 Qc7 34. Bd1 Nf6 35. h5 gxh5 36. Qh4 Kg8 37. Bxh5 Ne4 38. Be1 Bf6 39. Bf7+ Qxf7 0-1

[Event "Mondariz op"]
[Site "Mondariz"]
[Date "1997.??.??"]
[Round "?"]
[White "Damljanovic, Branko"]
[Black "Izeta Txabarri, Felix"]
[Result "1-0"]
[WhiteElo "2540"]
[BlackElo "2525"]
[PlyCount "79"]
[EventDate "1997.??.??"]
[Source "www.chesslib.no"]
[SourceDate "2004.05.04"]

1. c4 Nf6 2. Nc3 g6 3. e4 d6 4. d4 Bg7 5. Be2 O-O 6. Bg5 c5 7. d5 e6 8. Qd2 exd5 9. exd5 Re8 10. Nf3 a6 11. O-O Qe7 12. Rae1 Qf8 13. h3 h6 14. Bf4 g5 15. Bg3 Bf5 16. Bd3 Rxe1 17. Rxe1 Bxd3 18. Qxd3 Nbd7 19. Qf5 Nb6 20. h4 g4 21. Nd2 Re8 22. Rxe8 Qxe8 23. Nde4 Nxe4 24. Nxe4 Nxc4 25. b3 Nb6 26. Nxd6 Qd7 27. Qxd7 Nxd7 28. Nxb7 Bd4 29. Kf1 Nf6 30. d6 Kf8 31. Bf4 h5 32. Be3 Bxe3 33. fxe3 Nd7 34. Ke2 Kg7 35. Kd3 Kf6 36. Kc4 Ke5 37. a4 g3 38. Nxc5 Nb6+ 39. Kd3 Kxd6 40. Ne4+ 1-0

[Event "Forli Open"]
[Site "Forli"]
[Date "1992.??.??"]
[Round "3"]
[White "Farago, Ivan"]
[Black "Cvitan, Ognjen"]
[Result "1/2-1/2"]
[WhiteElo "2510"]
[BlackElo "2550"]
[PlyCount "34"]
[EventDate "1992.09.??"]
[Source "www.chesslib.no"]
[SourceDate "2004.05.04"]

1. d4 Nf6 2. c4 g6 3. Nc3 Bg7 4. e4 d6 5. Be2 O-O 6. Bg5 c5 7. d5 a6 8. a4 e6 9. Qd2 Qa5 10. Nf3 b5 11. cxb5 axb5 12. O-O b4 13. Bxf6 Bxf6 14. Nb5 exd5 15. Nxd6 dxe4 16. Nxe4 Bg7 17. Rac1 Qxa4 1/2-1/2

[Event "Podgorica"]
[Site "?"]
[Date "1993.??.??"]
[Round "?"]
[White "Levin, F."]
[Black "Damljanovic, B."]
[Result "1/2-1/2"]
[WhiteElo "2505"]
[BlackElo "2550"]
[PlyCount "37"]
[EventDate "1993.??.??"]
[Source "ChessBase"]
[SourceDate "1993.02.01"]

1. d4 Nf6 2. c4 g6 3. Nc3 Bg7 4. e4 d6 5. Be2 O-O 6. Bg5 c5 7. d5 e6 8. Qd2 exd5 9. exd5 Re8 10. Nf3 Bg4 11. O-O Nbd7 12. h3 Bxf3 13. Bxf3 a6 14. a4 Qb6 15. Qc2 h5 16. Bd2 Nh7 17. Rfe1 Bd4 18. Rxe8+ Rxe8 19. Re1 1/2-1/2

[Event "Bucharest ROM"]
[Site "Bucharest ROM"]
[Date "1996.??.??"]
[Round "?"]
[White "Nikolaidis, Ioannis"]
[Black "Dumitrache, Dragos"]
[Result "1-0"]
[WhiteElo "2530"]
[BlackElo "2510"]
[PlyCount "41"]
[EventDate "1996.??.??"]
[Source "www.chesslib.no"]
[SourceDate "2004.05.04"]

1. d4 Nf6 2. c4 g6 3. Nc3 Bg7 4. e4 d6 5. Bg5 O-O 6. Qd2 c5 7. d5 a6 8. a4 e6 9. Be2 exd5 10. exd5 Re8 11. Nf3 Nbd7 12. O-O Ne5 13. Nxe5 Rxe5 14. Bd3 Qf8 15. f4 Rxg5 16. fxg5 Ng4 17. Ne4 Bf5 18. Nf6+ Nxf6 19. gxf6 Bxf6 20. Bxf5 gxf5 21. Rxf5 1-0

[Event "CSR-ch int"]
[Site "Decin"]
[Date "1977.??.??"]
[Round "11"]
[White "Hort, Vlastimil"]
[Black "Fernandez, Juan C"]
[Result "1-0"]
[WhiteElo "2620"]
[BlackElo "2420"]
[PlyCount "93"]
[EventDate "1977.07.??"]
[Source "ChessBase"]

1. c4 Nf6 2. Nc3 g6 3. e4 d6 4. d4 Bg7 5. Be2 O-O 6. Bg5 c5 7. d5 e6 8. Nf3 exd5 9. exd5 Bg4 10. O-O Nbd7 11. Qd2 a6 12. h3 Bxf3 13. Bxf3 Re8 14. Be2 Qb6 15. Qc2 Re7 16. f4 Rf8 17. Bd3 Ree8 18. Rf3 Qc7 19. a4 Nh5 20. g4 Bd4+ 21. Kh2 Ng7 22. Bh6 Re3 23. Raf1 Rfe8 24. Ne2 Rxf3 25. Rxf3 Bf6 26. Ng3 Bd4 27. Kg2 Qd8 28. Ne2 Bf6 29. b3 Qa5 30. Rf1 Qd8 31. Qd2 Qb6 32. Rb1 Qd8 33. Ng3 Bd4 34. Rf1 Be3 35. Qc2 Bd4 36. Be4 Qa5 37. f5 Qc3 38. Qxc3 Bxc3 39. Bf4 Be5 40. f6 Nxf6 41. Bxe5 Nxe4 42. Nxe4 Rxe5 43. Nxd6 Re7 44. Rf4 Kf8 45. Ne4 Rc7 46. Rf6 Ne8 47. Rb6 1-0

[Event "Lewisham"]
[Site "Lewisham"]
[Date "1981.??.??"]
[Round "?"]
[White "Geller, Efim P"]
[Black "Hartoch, Robert G"]
[Result "0-1"]
[WhiteElo "2615"]
[BlackElo "2405"]
[PlyCount "50"]
[EventDate "1981.??.??"]
[Source "www.chesslib.no"]
[SourceDate "2004.05.04"]

1. d4 Nf6 2. c4 c5 3. d5 g6 4. Nc3 Bg7 5. e4 d6 6. Be2 O-O 7. Bg5 e6 8. Qd2 exd5 9. exd5 Qb6 10. h3 Bf5 11. g4 Bc8 12. Nf3 Nbd7 13. Be3 a6 14. O-O h5 15. g5 Ne8 16. Bd3 Qd8 17. a4 Ne5 18. Nxe5 Bxe5 19. Kg2 Bxh3+ 20. Kh1 Bxf1 21. Rxf1 Qd7 22. f4 Qh3+ 23. Kg1 Bxc3 24. bxc3 Ng7 25. f5 Rfe8 0-1

[Event "ARG-ch"]
[Site "Pena City"]
[Date "1996.??.??"]
[Round "6"]
[White "Sorin, Ariel"]
[Black "Ricardi, Pablo"]
[Result "0-1"]
[WhiteElo "2485"]
[BlackElo "2535"]
[PlyCount "140"]
[EventDate "1996.10.??"]
[Source "ChessBase"]

1. d4 Nf6 2. c4 g6 3. Nc3 Bg7 4. e4 d6 5. Be2 O-O 6. Bg5 c5 7. d5 e6 8. Qd2 exd5 9. exd5 Qb6 10. Nf3 h6 11. Bxh6 Bxh6 12. Qxh6 Qxb2 13. Rc1 Bg4 14. O-O Nbd7 15. h3 Bxf3 16. Bxf3 Rae8 17. Nb5 Ne5 18. Bd1 Ne4 19. Rc2 Qb4 20. f4 Nxc4 21. f5 Ne5 22. Nxd6 Qd4+ 23. Kh2 Ng4+ 24. Bxg4 Qe5+ 25. Qf4 Nxd6 26. Rxc5 gxf5 27. Bd1 Qxf4+ 28. Rxf4 Re1 29. Bb3 Rfe8 30. Rc3 R8e3 31. Rxe3 Rxe3 32. Ra4 a6 33. Kg1 Kg7 34. Kf2 Rc3 35. Rd4 Kf6 36. Ke2 Rg3 37. Kf2 Rc3 38. Ke2 b5 39. Rd3 Rc1 40. Rd1 Rc3 41. Rd3 Rc1 42. Rd1 Rc8 43. Kd3 Ne4 44. Kd4 a5 45. d6 a4 46. Bd5 Nxd6 47. Rf1 b4 48. g4 Rc3 49. Be4 Rxh3 50. Bxf5 Nxf5+ 51. Rxf5+ Kg6 52. Ke4 Rh2 53. Rb5 Rb2 54. Kf4 a3 55. Rb6+ Kg7 56. g5 Rxa2 57. Rxb4 Rf2+ 58. Kg3 Rb2 59. Ra4 a2 60. Ra6 Kf8 61. Ra7 Ke8 62. Kf4 Kd8 63. Ke5 Rf2 64. Kd6 Kc8 65. Ke7 Kb8 66. Ra4 Kc7 67. Ra6 Kb7 68. Ra3 Kb6 69. Ra8 Kc5 70. Ra7 Kc4 0-1

[Event "Sitges (Spain)"]
[Site "?"]
[Date "2005.07.??"]
[Round "8"]
[White "Moskalenko Viktor"]
[Black "Grigore George"]
[Result "0-1"]
[WhiteElo "2534"]
[BlackElo "2479"]
[PlyCount "53"]
[EventDate "2005.??.??"]
[Source "www.chesslib.no"]
[SourceDate "2004.05.04"]

1. d4 Nf6 2. c4 g6 3. Nc3 Bg7 4. e4 d6 5. Be2 O-O 6. Bg5 c5 7. d5 e6 8. Qd2 Qa5 9. Nf3 a6 10. O-O b5 11. cxb5 axb5 12. Qf4 Nbd7 13. Bxb5 exd5 14. exd5 Nh5 15. Qxd6 Bxc3 16. Bxd7 Bxb2 17. Bc6 Bxa1 18. Rxa1 Ra6 19. Re1 Ng7 20. Bd2 Qd8 21. Qxd8 Rxd8 22. Bg5 Rd6 23. Be7 Rdxc6 24. dxc6 Rxc6 25. Ne5 Ra6 26. Bxc5 Rxa2 27. Nc6 0-1

[Event "Warsaw zt-A"]
[Site "Warsaw"]
[Date "1987.??.??"]
[Round "?"]
[White "Schmidt, Wlodzimierz"]
[Black "Gheorghiu, Florin"]
[Result "1/2-1/2"]
[WhiteElo "2470"]
[BlackElo "2540"]
[PlyCount "55"]
[EventDate "1987.02.??"]
[Source "ChessBase"]

1. d4 Nf6 2. c4 c5 3. d5 d6 4. Nc3 g6 5. e4 Bg7 6. Be2 O-O 7. Bg5 e6 8. Qd2 exd5 9. exd5 Re8 10. Nf3 Bg4 11. O-O Nbd7 12. h3 Bxf3 13. Bxf3 a6 14. a4 Qe7 15. Rae1 Qf8 16. Qc1 Rxe1 17. Rxe1 Re8 18. Rxe8 Nxe8 19. Bd2 Qe7 20. Qe1 Kf8 21. Qxe7+ Kxe7 22. a5 Bd4 23. Kf1 h5 24. g4 hxg4 25. hxg4 Ne5 26. Be2 f5 27. gxf5 gxf5 28. b3 1/2-1/2

[Event "Novgorod Open"]
[Site "Novgorod RUS"]
[Date "1995.??.??"]
[Round "6"]
[White "Yakovich, Yuri"]
[Black "Filippov, Valerij"]
[Result "1-0"]
[WhiteElo "2555"]
[BlackElo "2455"]
[PlyCount "103"]
[EventDate "1995.05.??"]
[Source "www.chesslib.no"]
[SourceDate "2004.05.04"]

1. d4 Nf6 2. c4 g6 3. Nc3 Bg7 4. e4 O-O 5. Be2 d6 6. Bg5 c5 7. d5 e6 8. Qd2 exd5 9. exd5 Bf5 10. Nf3 Qb6 11. Nh4 Bc8 12. O-O Nbd7 13. Rae1 Re8 14. b3 a6 15. Qf4 Qa5 16. Qg3 Nf8 17. Bd2 Qd8 18. f4 Ne4 19. Nxe4 Rxe4 20. Bd3 Rxe1 21. Rxe1 f5 22. Nf3 Bd7 23. Re2 Qf6 24. Qe1 Qa1 25. Qxa1 Bxa1 26. Ba5 Rc8 27. b4 b5 28. Rc2 bxc4 29. Bxc4 Bb5 30. Bxb5 axb5 31. bxc5 Rxc5 32. Rxc5 dxc5 33. Ne5 g5 34. g3 gxf4 35. gxf4 Bxe5 36. fxe5 Ng6 37. e6 Nf4 38. d6 Nxe6 39. d7 Kf7 40. d8=Q Nxd8 41. Bxd8 b4 42. Ba5 Ke6 43. Kf2 Kd5 44. Ke3 Kc4 45. Kf4 Kb5 46. Bd8 Ka4 47. Kxf5 c4 48. Ke4 Ka3 49. Be7 Ka4 50. h4 h6 51. h5 Ka3 52. Bf8 1-0

[Event "ROM Team Ch"]
[Site "Romania"]
[Date "1994.??.??"]
[Round "?"]
[White "Levin, Felix"]
[Black "Istratescu, Andrei"]
[Result "1/2-1/2"]
[WhiteElo "2495"]
[BlackElo "2505"]
[PlyCount "39"]
[EventDate "1994.??.??"]
[Source "www.chesslib.no"]
[SourceDate "2004.05.04"]

1. d4 Nf6 2. c4 g6 3. Nc3 Bg7 4. e4 O-O 5. Be2 d6 6. Bg5 c5 7. d5 e6 8. Qd2 exd5 9. exd5 a6 10. Nf3 Bg4 11. O-O Nbd7 12. h3 Bxf3 13. Bxf3 Re8 14. Be2 Qb6 15. Qc2 h5 16. Bd2 Nh7 17. Rfe1 Bd4 18. Bf1 Rxe1 19. Rxe1 Qd8 20. Ne2 1/2-1/2

[Event "GP2"]
[Site "GP2 Katerini"]
[Date "1992.??.??"]
[Round "?"]
[White "Tukmakov, Vladimir B"]
[Black "Grivas, Efstratios"]
[Result "1/2-1/2"]
[WhiteElo "2535"]
[BlackElo "2465"]
[PlyCount "34"]
[EventDate "1992.??.??"]
[Source "www.chesslib.no"]
[SourceDate "2004.05.04"]

1. d4 Nf6 2. c4 g6 3. Nc3 Bg7 4. e4 d6 5. Be2 O-O 6. Bg5 c5 7. d5 a6 8. a4 e6 9. Qd2 exd5 10. exd5 Re8 11. Nf3 Bg4 12. O-O Nbd7 13. h3 Bxf3 14. Bxf3 Qb6 15. a5 Qc7 16. Qc2 h5 17. Bd2 Nh7 1/2-1/2

[Event "Pappier Memorial A"]
[Site "CAPA email"]
[Date "1998.??.??"]
[Round "?"]
[White "Berdichesky, Ruben"]
[Black "Diani, Jose Angel (ARG)"]
[Result "1-0"]
[WhiteElo "2505"]
[BlackElo "2490"]
[PlyCount "89"]
[EventDate "1998.??.??"]
[Source "www.chesslib.no"]
[SourceDate "2004.05.04"]

1. d4 Nf6 2. c4 g6 3. Nc3 Bg7 4. e4 d6 5. Be2 O-O 6. Bg5 c5 7. d5 e6 8. Qd2 exd5 9. exd5 Re8 10. Nf3 a6 11. O-O Qc7 12. h3 Nbd7 13. Bd3 Nb6 14. Rfe1 Bd7 15. b3 Rxe1+ 16. Rxe1 Re8 17. Rxe8+ Nxe8 18. Bh6 Bh8 19. a4 Nc8 20. Ne4 Qb6 21. Bc2 Qc7 22. Bf4 b5 23. axb5 axb5 24. Bd3 Qa7 25. cxb5 f5 26. Nc3 Nc7 27. Qe1 Qa5 28. Bd2 Qa7 29. Bc4 Bf6 30. Na4 Qb7 31. Bc3 Ne8 32. Bxf6 Nxf6 33. Ng5 h6 34. Qc3 Kg7 35. Ne6+ Bxe6 36. dxe6 Qa8 37. b6 Ne7 38. Be2 Ned5 39. Qc4 Ne7 40. Bf3 Ne4 41. Bxe4 Qxe4 42. Qxe4 fxe4 43. Nc3 Nc6 44. Nd5 Kf8 45. b7 1-0

[Event "Cesenatico op"]
[Site "Cesenatico"]
[Date "2000.09.07"]
[Round "6"]
[White "Farago, Ivan"]
[Black "Grigore, George"]
[Result "1/2-1/2"]
[WhiteElo "2486"]
[BlackElo "2508"]
[PlyCount "30"]
[EventDate "2000.09.03"]
[Source "ChessBase"]
[SourceDate "2000.11.10"]

1. d4 Nf6 2. c4 g6 3. Nc3 Bg7 4. e4 d6 5. Be2 O-O 6. Bg5 c5 7. d5 e6 8. Qd2 Qa5 9. Nf3 a6 10. O-O b5 11. cxb5 axb5 12. Bxb5 Nxe4 13. Nxe4 Qxb5 14. Bf6 Qb4 15. Bxg7 Qxd2 1/2-1/2

[Event "Tbilisi"]
[Site "Tbilisi GEO"]
[Date "1986.??.??"]
[Round "?"]
[White "Malaniuk, Vladimir P"]
[Black "Cvitan, Ognjen"]
[Result "1/2-1/2"]
[WhiteElo "2495"]
[BlackElo "2495"]
[PlyCount "44"]
[EventDate "1986.11.??"]
[Source "www.chesslib.no"]
[SourceDate "2004.05.04"]

1. d4 Nf6 2. c4 g6 3. Nc3 Bg7 4. e4 d6 5. Be2 O-O 6. Bg5 c5 7. d5 a6 8. a4 e6 9. Qd2 exd5 10. exd5 Qa5 11. Nf3 Bg4 12. O-O Nbd7 13. Qf4 Qb6 14. Ra2 Rae8 15. h3 Bxf3 16. Bxf3 Re5 17. Qd2 Rfe8 18. a5 Qc7 19. Raa1 h5 20. Bf4 R5e7 21. Bg5 Re5 22. Bf4 R5e7 1/2-1/2

[Event "JUG-chT"]
[Site "Budva"]
[Date "1996.??.??"]
[Round "3"]
[White "Damljanovic, Branko"]
[Black "Paunovic, Dragan"]
[Result "0-1"]
[WhiteElo "2510"]
[BlackElo "2480"]
[PlyCount "78"]
[EventDate "1996.??.??"]
[Source "ChessBase"]

1. d4 Nf6 2. c4 g6 3. Nc3 Bg7 4. e4 d6 5. Be2 O-O 6. Bg5 c5 7. d5 a6 8. a4 e6 9. Qd2 exd5 10. cxd5 Re8 11. f3 Qa5 12. Ra3 h5 13. Bf4 Qc7 14. a5 Nh7 15. Bd3 Nd7 16. Nge2 Nhf6 17. O-O Ne5 18. Na4 Nfd7 19. b4 c4 20. Bc2 b5 21. Nac3 Nc5 22. Be3 Ncd3 23. Nd1 f5 24. Bb6 Qf7 25. f4 Nd7 26. e5 dxe5 27. Bxd3 cxd3 28. Rxd3 e4 29. Rg3 Nxb6 30. axb6 Bb7 31. Ne3 Rad8 32. Rd1 Rd6 33. Nd4 Rxb6 34. Qc2 Rc8 35. Qb3 Kh7 36. Ne6 Bf6 37. Qb1 Bxd5 38. Ng5+ Bxg5 39. Rxg5 Rd6 0-1

[Event "Volgograd (Russia)"]
[Site "?"]
[Date "1985.??.??"]
[Round "?"]
[White "Lputian Smbat G"]
[Black "Yurtaev Leonid"]
[Result "1-0"]
[WhiteElo "2550"]
[BlackElo "2435"]
[PlyCount "63"]
[EventDate "1985.??.??"]
[Source "www.chesslib.no"]
[SourceDate "2004.05.04"]

1. d4 Nf6 2. c4 g6 3. Nc3 Bg7 4. e4 d6 5. Be2 O-O 6. Bg5 c5 7. d5 e6 8. Qd2 exd5 9. exd5 Qb6 10. Nf3 Bf5 11. Nh4 Ne4 12. Nxe4 Bxe4 13. f3 Qxb2 14. Rc1 Qxd2+ 15. Kxd2 Bxd5 16. cxd5 Re8 17. Rb1 Nd7 18. Bb5 Re5 19. Bxd7 Rxg5 20. Rxb7 Rxd5+ 21. Kc2 c4 22. f4 Rd4 23. g3 Re4 24. Rd1 Re7 25. Rxd6 c3 26. Kd1 Rd8 27. Nf3 Re3 28. Ng5 Re7 29. Rd3 a5 30. Nf3 Kf8 31. Rd5 Re4 32. Be6 1-0

[Event "HUN-ch"]
[Site "Budapest"]
[Date "1976.??.??"]
[Round "5"]
[White "Forintos, Gyozo V"]
[Black "Barczay, Laszlo"]
[Result "1/2-1/2"]
[WhiteElo "2490"]
[BlackElo "2485"]
[PlyCount "98"]
[EventDate "1976.12.??"]
[Source "ChessBase"]

1. d4 Nf6 2. c4 g6 3. Nc3 Bg7 4. e4 O-O 5. Be2 d6 6. Bg5 c5 7. d5 e6 8. Nf3 h6 9. Be3 exd5 10. exd5 Bg4 11. Qc1 Kh7 12. h3 Bxf3 13. Bxf3 Re8 14. O-O Nbd7 15. Qc2 Qb6 16. Rae1 a6 17. b3 Ng8 18. Bd1 Qd8 19. a4 Qh4 20. Kh2 f5 21. g3 Qf6 22. Bd2 Qf7 23. f4 Rxe1 24. Rxe1 Re8 25. Bf3 Rxe1 26. Bxe1 Qe7 27. Qe2 Bxc3 28. Bxc3 Qxe2+ 29. Bxe2 Ne7 30. a5 Kg8 31. Kg2 Kf7 32. Bd3 h5 33. Kf3 Ng8 34. Ke3 Ngf6 35. Bc2 Ke7 36. Be1 Kf7 37. Bd1 Ke7 38. Bf3 Kd8 39. Kd3 Ke7 40. Kc2 Kd8 41. Bd2 Ke7 42. Be1 Kd8 43. Be2 Kc7 44. Bd3 h4 45. gxh4 Nh5 46. Bd2 b6 47. Be2 Ndf6 48. axb6+ Kxb6 49. Bf3 Ne4 1/2-1/2